000 00809nam a22002777a 4500
001 9743
003 FISKH
005 20260204122049.0
008 260204b cb ||||| |||| 00| 0 eng d
020 _a9780521734530
040 _aFISKH
_beng
_cFISKH
_dFISKH
082 _a428.64
100 _aLeather , Sue
_eAuthor
245 _aDead cold /
_cBy Sue Leather
250 _aFirst published 2006
260 _aCambridge, UK :
_bCambridge University Press ,
_c2006 .
300 _a48 pages :
_billustrations ;
_c20 cm .
490 _a Cambridge English readers
_vLevel 2
505 _aO
521 8 _a600
_bLexile estimate
521 8 _aO
_bRaz-Plus
700 _aProwse , Philip
_eSeries Editor
700 _aMcCaffery , Paul
_eIllustrator
942 _2ddc
_cBK
_n0
999 _c9743
_d9743